Concepts of physics (Record no. 137126)

000 -LEADER
fixed length control field 00278nam a2200109Ia 4500
008 - FIXED-LENGTH DATA ELEMENTS--GENERAL INFORMATION
fixed length control field 220120s9999||||xx |||||||||||||| ||und||
100 ## - MAIN ENTRY--PERSONAL NAME
Personal name Verma H.C
9 (RLIN) 11761
245 #0 - TITLE STATEMENT
Title Concepts of physics
260 ## - PUBLICATION, DISTRIBUTION, ETC.
Place of publication, distribution, etc. Bharath Bhavan
Name of publisher, distributor, etc. Bangalore
Date of publication, distribution, etc. 2001
300 ## - PHYSICAL DESCRIPTION
Extent 558p.
Other physical details 240
650 ## - SUBJECT ADDED ENTRY--TOPICAL TERM
Topical term or geographic name entry element CIRCUIT
Holdings
Withdrawn status Lost status Damaged status Not for loan Collection code Home library Current library Date acquired Barcode Date last seen Price effective from Koha item type
        Humanity Science Central Library Central Library 01/20/2022 GF985 01/20/2022 01/20/2022 Gift Books

Powered by Koha